| 000 -LEADER |
| fixed length control field |
01685cam a2200385 a 4500 |
| 001 - CONTROL NUMBER |
| control field |
14698985 |
| 003 - CONTROL NUMBER IDENTIFIER |
| control field |
Nust |
| 005 - DATE AND TIME OF LATEST TRANSACTION |
| control field |
20190516094729.0 |
| 008 - FIXED-LENGTH DATA ELEMENTS--GENERAL INFORMATION |
| fixed length control field |
070116s2007 mauabf 000 1 eng |
| 010 ## - LIBRARY OF CONGRESS CONTROL NUMBER |
| LC control number |
2007001420 |
| 020 ## - INTERNATIONAL STANDARD BOOK NUMBER |
| International Standard Book Number |
9780618894642 |
| 020 ## - INTERNATIONAL STANDARD BOOK NUMBER |
| International Standard Book Number |
0618894640 |
| 035 ## - SYSTEM CONTROL NUMBER |
| System control number |
(OCoLC)ocm78790549 |
| 035 ## - SYSTEM CONTROL NUMBER |
| System control number |
(OCoLC)78790549 |
| 038 ## - RECORD CONTENT LICENSOR |
| Staff Name |
Arshad |
| 040 ## - CATALOGING SOURCE |
| Original cataloging agency |
DLC |
| Transcribing agency |
DLC |
| Modifying agency |
BAKER |
| -- |
YDXCP |
| -- |
SIN |
| -- |
BTCTA |
| -- |
C#P |
| -- |
CDL |
| -- |
DLC |
| 050 00 - LIBRARY OF CONGRESS CALL NUMBER |
| Classification number |
PR6039.O32 |
| Item number |
N37 2007 |
| 082 00 - DEWEY DECIMAL CLASSIFICATION NUMBER |
| Classification number |
823.912 |
| Author Mark |
TOL |
| 100 1# - MAIN ENTRY--PERSONAL NAME |
| Personal name |
Tolkien, J. R. R. |
| Fuller form of name |
(John Ronald Reuel), |
| Dates associated with a name |
1892-1973. |
| 9 (RLIN) |
14403 |
| 245 10 - TITLE STATEMENT |
| Title |
Narn i chîn Húrin : |
| Remainder of title |
the tale of the children of Húrin / |
| Statement of responsibility, etc. |
J.R.R. Tolkien ; edited by Christopher Tolkien ; illustrated by Alan Lee. |
| 246 34 - VARYING FORM OF TITLE |
| Title proper/short title |
Children of Húrin |
| 260 ## - PUBLICATION, DISTRIBUTION, ETC. |
| Place of publication, distribution, etc. |
Boston : |
| Name of publisher, distributor, etc. |
Houghton Mifflin, |
| Date of publication, distribution, etc. |
2007. |
| 300 ## - PHYSICAL DESCRIPTION |
| Extent |
313 p., [8] leaves of plates, [1] fold-out leaf : |
| Other physical details |
ill. (some col.), map ; |
| Dimensions |
22 cm. |
| 650 #0 - SUBJECT ADDED ENTRY--TOPICAL TERM |
| Topical term or geographic name entry element |
Middle Earth (Imaginary place) |
| Form subdivision |
Fiction. |
| 9 (RLIN) |
14404 |
| 655 #7 - INDEX TERM--GENRE/FORM |
| Genre/form data or focus term |
Fantasy fiction. |
| Source of term |
gsafd |
| 9 (RLIN) |
1087 |
| 700 1# - ADDED ENTRY--PERSONAL NAME |
| Personal name |
Tolkien, Christopher. |
| 9 (RLIN) |
14405 |
| 700 1# - ADDED ENTRY--PERSONAL NAME |
| Personal name |
Lee, Alan. |
| 9 (RLIN) |
14406 |
| 856 41 - ELECTRONIC LOCATION AND ACCESS |
| Materials specified |
Table of contents only |
| Uniform Resource Identifier |
<a href="http://www.loc.gov/catdir/toc/ecip079/2007001420.html">http://www.loc.gov/catdir/toc/ecip079/2007001420.html</a> |
| 856 42 - ELECTRONIC LOCATION AND ACCESS |
| Materials specified |
Publisher description |
| Uniform Resource Identifier |
<a href="http://www.loc.gov/catdir/enhancements/fy0713/2007001420-d.html">http://www.loc.gov/catdir/enhancements/fy0713/2007001420-d.html</a> |
| 856 42 - ELECTRONIC LOCATION AND ACCESS |
| Materials specified |
Contributor biographical information |
| Uniform Resource Identifier |
<a href="http://www.loc.gov/catdir/enhancements/fy0737/2007001420-b.html">http://www.loc.gov/catdir/enhancements/fy0737/2007001420-b.html</a> |
| 856 41 - ELECTRONIC LOCATION AND ACCESS |
| Materials specified |
Sample text |
| Uniform Resource Identifier |
<a href="http://www.loc.gov/catdir/enhancements/fy0906/2007001420-s.html">http://www.loc.gov/catdir/enhancements/fy0906/2007001420-s.html</a> |
| 906 ## - LOCAL DATA ELEMENT F, LDF (RLIN) |
| a |
7 |
| b |
cbc |
| c |
orignew |
| d |
1 |
| e |
ecip |
| f |
20 |
| g |
y-gencatlg |
| 942 ## - ADDED ENTRY ELEMENTS (KOHA) |
| Source of classification or shelving scheme |
|
| Koha item type |
Book |